Najčastejšie chyby začínajúcich programátorov

Bibliographic Details
Main Author: Stoffová, Veronika, 1951- (Author)
Format: Article
Language:Slovak
ISBN:9788080833671
Subjects:

MARC

LEADER 00000nab a2200000 ar4500
001 vtls009004036
003 SK-MaSNL
005 20260303185041.0
008 070629|2007 xo u|me|||||||00 ||slo
015 |a SNBRA2007/06 
038 |a SNKBUCL 
040 |a SNKBUCL  |b slo  |c SNKBUCL  |e AACR2 
041 0 |a slo 
044 |a xo  |c SK 
080 |a 372.800.4  |2 1997 
080 |a 004  |2 1997 
080 |a 004.42  |2 1997 
100 1 |a Stoffová, Veronika,  |d 1951-  |4 aut  |9 231614 
245 1 0 |a Najčastejšie chyby začínajúcich programátorov  |c Veronika Stoffová 
504 |a Bibliogr. odkazy 
611 2 7 |a DidInfo  |n (13. :  |d 2007 :  |c Banská Bystrica, Slovensko)  |2 snkbucl  |9 102354 
650 0 7 |a informatika  |2 snkbucl  |9 1124 
650 0 7 |a vyučovanie  |2 snkbucl  |9 1522 
650 0 7 |a programovanie  |2 snkbucl  |9 22041 
650 0 7 |a chyby v programovaní  |2 snkbucl  |9 1215838 
773 0 |t DidInfo 2007  |d Banská Bystrica : Fakulta prírodných vied UMB, 2007  |g S. 22  |z 9788080833671 
852 |a SNK  |b KIS3GCP 
958 |a SK 
958 |a NB 
999 |c 2129481  |d 2131411